000 00585nam a2200229 a 4500
001 0001-1381
003 ELIB.Books
008 160715 2010 eng
020 _a0814655238
035 _a(ELIB.Books)0001-1536
092 _a241.622
_bMal
100 _aMalcho, Bruce V.
245 _aSocial Justic in the Hebrew Bible
260 _aCollegeville
_bThe Liturgical Press
_c1996
300 _a83
_c21.5 Cm
650 _aBiblical Teaching
856 _nKBTS Library
_uKBTS: ELIB
942 _2ddc
_cBK
990 _a1
998 _cbat
_e2016-07-15
999 _c11381
_d11381